Представление документа в формате MARC21

Поле Инд. ПП Название Значение
Тип записи a
Библиографический уровень m
001 Контрольный номер 7e9691b9-993d-43b1-a708-d0b3c175c18e
005 Дата корректировки 20140610113218.8
008 Кодируемые данные 960426 d
020 c Цена, тираж 1-10
040 a Служба первич. каталог. НБ ТвГУ
041 a Код языка текста rus
080 a Индекс УДК 541.11(075.8)
084 a Индекс другой классификации/Индекс ББК Г531я731-1
090 a Полочн. индекс 541.3
x Авторский знак Е70
100 1_ a Автор Еремин Евгений Николаевич
245 1_ a Заглавие Основы химической термодинамики
b Продолж. заглавия [Учеб. пособие для хим. спец. ун-тов]
c Ответственность Е. Н. Еремин
260 a Место издания Москва
b Издательство Высшая школа
c Дата издания 1978
300 a Объем 391 с.
b Иллюстрации/ тип воспроизводства ил.
504 a Библиография Библиогр.: с. 387-388.
650 a Основная рубрика Химическая термодинамика
x Основная подрубрика Учебники для вузов
650 a Основная рубрика Физическая химия
653 a Ключевые слова Термодинамика
a Ключевые слова Учебники
a Ключевые слова Химическая термодинамика
852 t Порядковый номер экземпляра 22
p Инвентарный номер 440646
p Инвентарный номер 440647
p Инвентарный номер 1867 - 20 экз.
930 a Новая/Ретро учебники
954 a Дата поступления на обработку 20011117
999 a Подразделение 2 Фил3